000 01420nam a22002537a 4500
999 _c61247
_d61247
003 Ge_BSU
005 20240110143122.0
008 240110s2018 ge ||||| |||| 00| 0 geo d
020 _a9789941249044
041 _ageo
080 _a069.02:7(460)+75(460) დ-15
100 _aდავერიო, ფილიპ.
_921022
245 _aპრადო, მადრიდი :
_b ხელოვნების შედევრები - შენს პირად კოლექციაში /
_cფილიპ დავერიო; მთარგმნელი ეკატერინე კობახიძე; რედაქტორი თამარ ჟურული.
264 _aთბილისი :
_bპალიტრა L,
_c2018.
300 _a128 გვ. :
_bფოტ. ;
_c26 სმ.
440 _aმსოფლიოს საუკეთესო მუზეუმები ; წიგნი 3
_921023
500 _aგარეკანზე ავტორი აღნიშნული არ არის.
653 _aპრადო
653 _aმუზეუმი
653 _aესპანური ფერწერა.
700 _aკობახიძე, ეკატერინე
_eმთარგმნელი
_9666
700 _aჟურული, თამარ
_eრედაქტორი
_916161
942 _2udc
_cᲬᲘᲒᲜᲘ